书目信息 |
| 题名: |
ASP+SQL Server项目开发实践
|
|
| 作者: | 黄雷 编著 | |
| 分册: | ||
| 出版信息: | 北京 中国铁道出版社 2006 |
|
| 页数: | 322页 | |
| 开本: | 26cm | |
| 丛书名: | 项目开发实践系列 | |
| 单 册: | ||
| 中图分类: | TP311.138SQa , TP393.409.2 | |
| 科图分类: | ||
| 主题词: | 互联网络--关系型数据库--数据库管理系统 , 互联网络 , 数据库管理系统 , 关系型数据库 | |
| 电子资源: | ||
| ISBN: | 7-113-06986-X(含光盘) | |
| 000 | 01199nam0 2200337 450 | |
| 000 | 01205nam0 2200337 450 | |
| 000 | 01130nam0 2200313 450 | |
| 000 | 01094nam0 2200301 45 | |
| 005 | 20070519101135.12 | |
| 010 | @a7-113-06986-X(含光盘)@dCNY36.00 | |
| 100 | @a20070410d2006 em y0chiy0120 ea | |
| 101 | 0 | @achi |
| 102 | @aCN@b110000 | |
| 105 | @ay z 000yy | |
| 200 | 1 | @aASP+SQL Server项目开发实践@AASP+SQL Server Xiang Mu Kai Fa Shi Jian@f黄雷编著@FHuang Lei Bian Zhu |
| 210 | @a北京@c中国铁道出版社@d2006 | |
| 215 | @a322页@d26cm@e光盘1张 | |
| 225 | 2 | @a项目开发实践系列 |
| 307 | @a附光盘:ISBN 7-900144-36-6 | |
| 308 | @a丛书原题:项目开发实践系列丛书 | |
| 330 | @a本书内容分为两部分:分别介绍了小型模块的开发、中小型项目的系统分析与模块开发,使读者不但掌握了ASP基础知识也全面地认识了ASP与SQL server结合开发项目的过程。 | |
| 410 | 0 | @12001 @a项目开发实践系列 |
| 606 | 0 | @a互联网络@x关系型数据库@x数据库管理系统 |
| 606 | 0 | @a互联网络 |
| 606 | 0 | @a数据库管理系统 |
| 606 | 0 | @a关系型数据库 |
| 690 | @aTP311.138SQa@v4 | |
| 690 | @aTP393.409.2@v4 | |
| 701 | 0 | @a黄雷@AHuang Lei@c(计算机)@4编著 |
| 801 | 0 | @aCN@bTAOJIN@c20070519 |
| 905 | @a10447@dTP311.138SQa@e667 | |
| ASP+SQL Server项目开发实践/黄雷编著.-北京:中国铁道出版社,2006 |
| 322页;26cm+光盘1张.-(项目开发实践系列) |
| ISBN 7-113-06986-X(含光盘):CNY36.00 |
| 本书内容分为两部分:分别介绍了小型模块的开发、中小型项目的系统分析与模块开发,使读者不但掌握了ASP基础知识也全面地认识了ASP与SQL server结合开发项目的过程。 |
| ● |
| 相关链接 |
|
|
|
|
正题名:ASP+SQL Server项目开发实践
索取号:TP311.138SQa/667
 
预约/预借
| 序号 | 登录号 | 条形码 | 馆藏地/架位号 | 状态 | 备注 |
| 1 | 0522154 | 205221543 | 第二样本阅览室/ [索取号:TP311.138SQa/667] | 在馆 | |
| 2 | 0522155 | 205221552 | 第三借阅区/ [索取号:TP311.138SQa/667] | 在馆 | |
| 3 | 0522156 | 205221561 | 第三借阅区/ [索取号:TP311.138SQa/667] | 在馆 | |
| 4 | 0522157 | 205221570 | 第三借阅区/ [索取号:TP311.138SQa/667] | 在馆 | |
| 5 | 0522158 | 205221589 | 第三借阅区/ [索取号:TP311.138SQa/667] | 在馆 | |
| 6 | 0522159 | 205221598 | 第三借阅区/ [索取号:TP311.138SQa/667] | 在馆 |